Messi ou Ronaldo 🇦🇷🇵🇹 - Statistiques

Statistiques générales
  • Ce quiz a été pris 733 fois
  • Le résultat moyen est 13 sur 16
Statistiques - réponses
Question Réponse % Correct
A gagné la coupe du monde L.Messi
95%
A le nombre record de 8 Ballons d'or L.Messi
95%
Meilleur buteur de l'histoire du football C.Ronaldo
94%
A gagné la Copa America L.Messi
94%
A gagné l'Euro C.Ronaldo
92%
Meilleur passeur de l'histoire du football L.Messi
92%
A joué en Ligue 1 L.Messi
92%
A joué dans 5 ligues différentes C.Ronaldo
90%
A joué en Liga espagnole Les deux
90%
A gagné autant de LDC que de Ballons d'or C.Ronaldo
89%
A gagné plusieurs Ligue des champions Les deux
84%
A gagné plusieurs ballons d'or Les deux
82%
A gagné le prix Puskas C.Ronaldo
69%
A ateint la note de 94 sur Fifa Les deux
69%
Est surnomé le G.O.A.T Les deux
60%
Qui est le réel G.O.A.T Les deux
23%
Aucun quiz correspondant
Distribution des résultats
% des personnes avec chaque résultat
Percentile par nombre de réponses
Votre historique - résultats
Vous n’avez pas pris ce quiz